| 000 | 01981cas a2200517 i 4500 | ||
|---|---|---|---|
| 001 | 200446025 | ||
| 003 | TR-AnTOB | ||
| 005 | 20251230095705.0 | ||
| 007 | ta | ||
| 008 | 040625c20019999sz gr i0 a0eng c | ||
| 010 | _a 2005204828 | ||
| 015 |
_a023603143 _2dnb |
||
| 016 | 7 |
_a2081762-9 _2DE-600 |
|
| 016 | 7 |
_a023603143 _2DE-101 |
|
| 016 | _a016607332 | ||
| 016 | 7 |
_a016607332 _2Uk |
|
| 020 | _a9221124177 (2000-01) | ||
| 020 | _a9221130312 (2002-03) | ||
| 035 | _a(OCoLC)ocm55742568 | ||
| 035 | _a(TR-AnTOB)200446025 | ||
| 040 |
_aSYB _beng _erda _cSYB _dHVL _dOCLCQ _dOCL _dDLC _dGBVCP _dOCLCQ _dOCLCA _dOCLCF _dUKMGB _dTR-AnTOB |
||
| 041 | 0 | _aeng | |
| 050 | 0 | 0 |
_aHD7801 _b.I73d |
| 099 | _a341.763 ILO 2004 | ||
| 110 | 2 |
_aInternational Labour Office _927101 |
|
| 245 | 1 | 0 |
_aILO programme implementation : _breport of the director-general / _cInternational Labour Office. |
| 246 | 3 | _aInternational Labour Office programme implementation | |
| 246 | 3 | 0 | _aReport of the director-general |
| 264 | 1 |
_aGeneva : _bInternational Labour Office, _c2002- |
|
| 300 |
_avolumes ; _c30 cm |
||
| 310 | _aBiennial | ||
| 336 |
_atext _btxt _2rdacontent |
||
| 337 |
_aunmediated _bn _2rdamedia |
||
| 338 |
_avolume _bnc _2rdacarrier |
||
| 362 | 0 | _a2000/2001- | |
| 500 | _aPart of the report of the director-general to the International Labour Conference. | ||
| 588 | _aLatest issue consulted: 2002/03. | ||
| 610 | 2 | 0 |
_aInternational Labour Office _vPeriodicals _932972 |
| 655 | 7 |
_aPeriodicals _2lcgft _0(OCoLC)fst01411641 _9119590 |
|
| 711 | 2 |
_aInternational Labour Conference _934183 |
|
| 776 | 0 | 8 |
_iOnline version: _aInternational Labour Office. _tILO programme implementation _w(OCoLC)936343229 |
| 780 | 0 | 0 |
_aInternational Labour Office. _tActivities of the ILO _w(DLC) 97650627 _w(OCoLC)6873797 |
| 787 | 1 |
_aInternational Labour Office. Director-General. _tReport of the director-general _w(DLC)l 23000054 _w(OCoLC)1623768 |
|
| 942 |
_2lcc _cBK |
||
| 999 |
_c200446025 _d64237 |
||